000 00508nam a2200181Ia 4500
001 3924
005 20260306145719.0
008 260306t2006||||xx |||||||||||||| ||spa||
041 _aESP
082 _a305.4337
_bL12
100 _aStromquist, Nelly P. (Ed.)
_eAUT
245 0 _aLa construcción del género en las políticas públicas:
_bperspectivas comparadas desde América Latina
260 _c2006
300 _a260 páginas :
_c21 cm.
650 _aGEN
654 _aCHU
942 _cLIB
_dJUS
_fJUS
_2ddc
_n
999 _c3924
_d3924